| 000 | 01696nam a2200361 a 4500 | ||
|---|---|---|---|
| 001 | ebr10427049 | ||
| 003 | CaPaEBR | ||
| 006 | m u | ||
| 007 | cr cn||||||||| | ||
| 008 | 081209s2009 enk sb 001 0 eng | ||
| 010 | _z 2008052542 | ||
| 015 |
_aGBA926026 _2bnb |
||
| 016 | 7 |
_z014927237 _2Uk |
|
| 020 | _z9781855394704 (pbk.) | ||
| 020 | _z1855394707 (pbk.) | ||
| 040 |
_aCaPaEBR _cCaPaEBR |
||
| 035 | _a(OCoLC)676698323 | ||
| 050 | 1 | 4 |
_aLB2822.6 _b.O78 2009eb |
| 082 | 0 | 4 |
_a372.12 _222 |
| 100 | 1 | _aO'Sullivan, June. | |
| 245 | 1 | 0 |
_aLeadership skills in the early years _h[electronic resource] : _bmaking a difference / _cJune O'Sullivan. |
| 260 |
_aLondon ; _aNew York : _bNetwork Continuum, _cc2009. |
||
| 300 | _a170 p. | ||
| 504 | _aIncludes bibliographical references and index. | ||
| 505 | 0 | _aThe journey to successful leadership -- Leadership know-how -- Leading change -- Overcoming leadership challenges -- Developing the pedagogical leader -- Leading to involve parents -- Developing new leaders -- The entrepreneurial leader : leading a childcare social enterprise -- Leading with your governors and trustees -- Leading the way forward. | |
| 533 |
_aElectronic reproduction. _bPalo Alto, Calif. : _cebrary, _d2013. _nAvailable via World Wide Web. _nAccess may be limited to ebrary affiliated libraries. |
||
| 650 | 0 |
_aEarly childhood education _xAdministration. |
|
| 650 | 0 |
_aChildren _xServices for _xManagement. |
|
| 650 | 0 | _aEducational leadership. | |
| 655 | 7 |
_aElectronic books. _2local |
|
| 710 | 2 | _aebrary, Inc. | |
| 856 | 4 | 0 |
_uhttp://site.ebrary.com/lib/rucke/Doc?id=10427049 _zAn electronic book accessible through the World Wide Web; click to view |
| 999 |
_c239822 _d239822 |
||